100 landmarks of the world /

Bibliographic Details
Main Author: Jollands, Beverley
Other Authors: Fisher Paul
Format: Book
Published: Bath, New York: Parragon, 2011.
Subjects:
LEADER 00518cam a2200181 7i4500
001 0000052934
005 20151104090000.0
005 ##20151104171600.0
003 ##MY-KlINT
020 # # |a 9781445442839  
039 # 9 |y 201511041716  |z VLOAD 
090 0 0 |a 910.222   |b JOL 
100 1 # |a Jollands, Beverley 
245 0 0 |a 100 landmarks of the world /   |c Beverley Jollands, Paul Fisher. 
260 # # |a Bath, New York:   |b Parragon,   |c 2011. 
300 # # |a 240p:   |b illl,col,pic;   |c 28cm. 
650 # 0 |a Geography --   |x Pictorial works  
700 0 # |a Fisher Paul